[Základy účetnictví]
Recenzia na publikáciu, ktorá je svojím obsahom zameraná na všeobecný prehľad základných pojmov a vzťahov v účtovníctve s orientovaním predovšetkým na špecifické problémy účtovníctva a ich riešenie.
Na minha lista:
| Autor principal: | |
|---|---|
| Formato: | Capítulo de Livro |
| Idioma: | eslovaco |
| Assuntos: | |
| Tags: |
Sem tags, seja o primeiro a adicionar uma tag!
|
MARC
| LEADER | 00000naa a2200000 4500 | ||
|---|---|---|---|
| 001 | 0142084 | ||
| 005 | 20240502072539.7 | ||
| 041 | 0 | |a slo | |
| 044 | |a SK | ||
| 245 | 1 | 0 | |a [Základy účetnictví] |c Renáta Pakšiová |
| 520 | |a Recenzia na publikáciu, ktorá je svojím obsahom zameraná na všeobecný prehľad základných pojmov a vzťahov v účtovníctve s orientovaním predovšetkým na špecifické problémy účtovníctva a ich riešenie. | ||
| 610 | 2 | 0 | |a recenzie |
| 610 | 2 | 0 | |a prípady účtovné |
| 610 | 2 | 0 | |a systémy účtovné |
| 100 | 1 | |a Pakšiová, Renáta, 1974- | |